|
|
|
|
| LEADER |
01501ppm a22002898a 4500 |
| 001 |
00045571 |
| 005 |
20200618150641.0 |
| 008 |
170215s2015 ||||||Viesd |
| 041 |
0 |
# |
|a Vie
|
| 082 |
1 |
4 |
|b TH552TR
|a 428
|
| 100 |
1 |
# |
|a Nguyễn, Song Phương Thanh
|e Chủ nhiệm đề tài
|
| 245 |
1 |
0 |
|b Báo cáo tổng kết đề tài KH&CN của sinh viên. Mã số CS.2015.02.31
|c Nguyễn Song Phương Thanh (chủ nhiệm đề tài), Nguyễn Thùy Linh; Phạm Văn Tặc (hướng dẫn)
|a Thực trạng và giải pháp nâng cao năng lực phát âm tiếng Anh cho sinh viên khoa Giáo dục Tiểu học - Mầm non, trường Đại học Đồng Tháp
|
| 260 |
# |
# |
|b Trường Đại học Đồng Tháp
|c 2017
|a Đồng Tháp
|
| 300 |
# |
# |
|a 55 tr. +phụ lục
|c 30 cm.
|e 1 bản tóm tắt
|
| 500 |
# |
# |
|a ĐTTS ghi: Bộ Giáo dục và Đào tạo. Trường Đại học Đồng Tháp
|
| 653 |
# |
# |
|a Giải pháp
|
| 653 |
# |
# |
|a Khoa Giáo dục Tiểu học - Mầm non
|
| 653 |
# |
# |
|a Đại học Đồng Tháp
|
| 653 |
# |
# |
|a Thực trạng
|
| 653 |
# |
# |
|a Sinh viên
|
| 653 |
# |
# |
|a Nghiên cứu khoa học
|
| 653 |
# |
# |
|a Phát âm tiếng Anh
|
| 700 |
# |
# |
|a Nguyễn, Thùy Linh
|
| 700 |
# |
# |
|e Hướng dẫn
|a Phạm, Văn Tặc
|
| 852 |
# |
# |
|j KH.0000194
|
| 910 |
# |
# |
|d 19/06/2018
|
| 980 |
# |
# |
|a Trung tâm Học liệu Lê Vũ Hùng, Trường Đại học Đồng Tháp
|